Catálogo
 En Linea

La rueda de la fortuna ó este mundo es un fandango : (Registro nro. 34616)

Detalles MARC
000 -CABECERA
campo de control de longitud fija 01097nam a2200229 a 4500
001 - NÚMERO DE CONTROL
campo de control 000035125
005 - FECHA Y HORA DE LA ÚLTIMA TRANSACCIÓN
campo de control 20200930074124.0
008 - DATOS DE LONGITUD FIJA--INFORMACIÓN GENERAL
campo de control de longitud fija 111025s1896 sp 000 0 spa d
040 ## - FUENTE DE LA CATALOGACIÓN
Centro catalogador/agencia de origen DO-SdBNP
Lengua de catalogación spa
Centro/agencia transcriptor BNPHU
082 ## - NÚMERO DE LA CLASIFICACIÓN DECIMAL DEWEY
Número de clasificación xxxx
Número de documento/Ítem L333r
100 1# - ENTRADA PRINCIPAL--NOMBRE DE PERSONA
Nombre de persona Larra y Ossorio, Luis de,
Fechas asociadas al nombre [1862-1914]
9 (RLIN) 60809
245 13 - MENCIÓN DE TÍTULO
Título La rueda de la fortuna ó este mundo es un fandango :
Resto del título sainete filosófico-social en un acto y cuatro cuadros escrito en prosa /
Mención de responsabilidad, etc. Luis de Larra, Mauricio Gullón ; música Manuel F. Cabello, Mariano Hermoso.
260 ## - PUBLICACIÓN, DISTRIBUCIÓN, ETC.
Lugar de publicación, distribución, etc. Madrid :
Nombre del editor, distribuidor, etc. R. Velasco,
Fecha de publicación, distribución, etc. 1896.
300 ## - DESCRIPCIÓN FÍSICA
Extensión 48mp. ;
Dimensiones 20 cm.
490 1# - MENCIÓN DE SERIE
Mención de serie El Teatro, colección de obras dramáticas y líricas
500 ## - NOTA GENERAL
Nota general Estrenado con extraordinario éxito en el Teatro de la Zarzuela, de Madrid la noche del 17 de enero de 1896.
700 12 - PUNTO DE ACCESO ADICIONAL--NOMBRE DE PERSONA
Nombre de persona Gullón, Mauricio
9 (RLIN) 60810
700 12 - PUNTO DE ACCESO ADICIONAL--NOMBRE DE PERSONA
Nombre de persona Fernández Caballero, Manuel,
Fechas asociadas al nombre [d1835-1906],
Término indicativo de función/relación mús.
9 (RLIN) 60811
700 12 - PUNTO DE ACCESO ADICIONAL--NOMBRE DE PERSONA
Nombre de persona Hermoso, Mariano,
Fechas asociadas al nombre [1859-1923],
Término indicativo de función/relación mús.
9 (RLIN) 60812
700 12 - PUNTO DE ACCESO ADICIONAL--NOMBRE DE PERSONA
Nombre de persona Muriel y López, Luis,
Fechas asociadas al nombre [d1855-1919]
9 (RLIN) 60813
830 #3 - PUNTO DE ACCESO ADICIONAL DE SERIE-TÍTULO UNIFORME
Título uniforme El Teatro, colección de obras dramáticas y líricas
9 (RLIN) 60814
Existencias
Estado de retiro Estado de pérdida Restricciones de uso No para préstamo Código de colección Localización permanente Ubicación/localización actual Ubicación en estantería Fecha de adquisición Número de inventario Total de préstamos Signatura topográfica completa Código de barras Fecha visto por última vez Precio válido a partir de Tipo de ítem Koha
      Excluido de préstamo Monografías: Libros y Folletos General General En catalogación 25.10.2011 LF1   xxxx L333r 35125-10 25.06.2020 25.06.2020 No se presta

Con tecnología Koha